Z jakiej gry pochodzi ta postać? - Statystyki

Ogólne statystyki
  • Ten quiz został rozwiązany 276 razy
  • Średni wynik to 10 z 12
Statystyki odpowiedzi
Obrazkowy Odpowiedź % Poprawnych
Minecraft
97%
GTA: San Andreas
94%
Pokémon
94%
God of War
91%
GTA V
88%
Wiedźmin 3: Dziki Gon
81%
Red Dead Redemption 2
79%
Super Mario Bros
77%
Overwatch
75%
Tekken
67%
Tomb Raider
56%
The Legend of Zelda
53%
Nie znaleziono quizów pasujących do podanych kryteriów
Rozkład punktacji
Procent ludzi z każdym wynikiem
Percentyl według liczby udzielonych odpowiedzi
Twoja historia wyników
Nie rozwiązałeś tego quizu